| 000 | 00500nam a2200181Ia 4500 | ||
|---|---|---|---|
| 001 | 10442 | ||
| 005 | 20260306161832.0 | ||
| 008 | 260306t2006||||xx |||||||||||||| ||spa|| | ||
| 041 | _aESP | ||
| 082 |
_a929.2 _bV23 |
||
| 100 |
_aVallejo-Nágera, Alejandra _eAUT |
||
| 245 | 0 |
_aLocos de la historia: _brasputín, Luisa Isabel de Orleáns, Mesalina y otros personajes egregios |
|
| 260 | _c2006 | ||
| 300 |
_a445 páginas : _c25 cm. |
||
| 650 | _aGEN | ||
| 654 | _aCHU | ||
| 942 |
_cLIB _dJUS _fJUS _2ddc _n |
||
| 999 |
_c10442 _d10442 |
||